Statistics for Differences in Guessed Countries of the World--English/Russian

Click here to take the quiz!

General Stats

  • This quiz has been taken 15 times
  • The average score is 17 of 38

Answer Stats

Rank in EnglishRank in RussianDifferenceCountry% Correct
1244975Armenia
85%
1335083Azerbaijan
85%
901179Belarus
85%
1074859Georgia
77%
1555699Kyrgyzstan
77%
722844Latvia
77%
783147Lithuania
77%
1546094Tajikistan
77%
1175958Turkmenistan
77%
1034063Uzbekistan
77%
56551Kazakhstan
69%
1274780Moldova
69%
440China
62%
26260Finland
62%
11014535Dominican Republic
54%
7713962Haiti
46%
286133New Zealand
46%
5510247Panama
46%
11615640Bahamas
38%
10100Italy
38%
1961960Sao Tome and Principe
38%
63630Hungary
31%
15711443Maldives
31%
1409050Montenegro
31%
437835Colombia
23%
538936Democratic Republic of the Congo
23%
1419249Monaco
23%
589537Republic of the Congo
23%
1821820Solomon Islands
23%
215332South Africa
23%
1351350Zambia
23%
1731730Burkina Faso
15%
9512934Jordan
15%
8011939Kenya
15%
7110635Yemen
15%
609434Bolivia
8%
508535Morocco
8%
12315835Ivory Coast
0%

Score Distribution

Percentile by Number Answered

Percent of People with Each Score

Your Score History

You have not taken this quiz